00761nam a2200205Ia 4500008004100000082001600041100001800057245002700075250000800102260003000110300001400140500002400154650001600178700001900194942000700213952010600220952010600326952010600432999001700538230524s9999 xx 000 0 und d a621.38bHOR aPaul Horowitz 4aThe Art of Electronics a2ND aNEW YORKbCambridgec2006 aXVII;1064 aQuantity Number: 3 aElectronics a Winfield Hill cBK 00104070aTATCLbTATCLcGENd2023-05-24l0o621.38 HORp19490r2023-05-24w2023-05-24yBKzCPEC5203 00104070aTATCLbTATCLcGENd2023-05-24l0o621.38 HORp58324r2023-05-24w2023-05-24yBKzCPEC5203 00104070aTATCLbTATCLcGENd2023-05-24l0o621.38 HORp58325r2023-05-24w2023-05-24yBKzCPEC5203 c37534d37534